00000000nam 2200000zi 4500
0019.947140
003CaOODSP
00520250120141029
006m     o  d f      
007cr |||||||||||
008250120e198608##onca   |o    f000 0 eng d
040 |aCaOODSP|beng|erda|cCaOODSP
041 |aeng|bfre
043 |an-cn---
0861 |aCS11-617/86-19E-PDF
1001 |aBrown, A. C., |eauthor
24510|aSmall area disaggregation of T4 wages and salaries : |bmethodology, analysis and quality assessment / |cby A.C. Brown.
264 1|a[Ottawa] : |bStatistics Canada, Methodology Branch, Business Survey Methods Division, |cAugust 1986.
300 |a1 online resource (v, 59 pages) : |billustrations.
4901 |aWorking paper ; |v86-19
500 |aDigitized edition from print [produced by Statistics Canada].
500 |a"Working Paper No. BSMD-86-019E."
500 |a"This is a preliminary version."
504 |aIncludes bibliographic references (page 46).
546 |aAbstract in English and French.
650 0|aWages|zCanada|xStatistical methods.
650 6|aSalaires|zCanada|xMéthodes statistiques.
7101 |aCanada. |bStatistics Canada. |bMethodology Branch, |eissuing body.
830#0|aWorking paper (Statistics Canada. Methodology Branch)|v86-19|w(CaOODSP)9.834763
85640|qPDF|s10697 KB|uhttps://publications.gc.ca/collections/collection_2025/statcan/CS11-617-86-19-eng.pdf